000 00202 a2200097 4500
001 1900
100 _aNadere, G.
245 _aMotion and time study
260 _a
_bMc graw-Hill
_c
090 _c1399
_d1399
942 _aNUST-CAE
_cM
_c4435
999 _c236973
_d236973